If the paintings could talk / (Record no. 18320)

000 -LEADER
fixed length control field 00988cam a2200301 a 4500
001 - CONTROL NUMBER
control field 7083225
005 - DATE AND TIME OF LATEST TRANSACTION
control field 20161205114619.0
008 - FIXED-LENGTH DATA ELEMENTS--GENERAL INFORMATION
fixed length control field 080611s2008 enka 001 0 eng
015 ## - NATIONAL BIBLIOGRAPHY NUMBER
National bibliography number GBA891765
Source bnb
016 7# - NATIONAL BIBLIOGRAPHIC AGENCY CONTROL NUMBER
Record control number 014675052
Source Uk
020 ## - INTERNATIONAL STANDARD BOOK NUMBER
International Standard Book Number 9781857094255
020 ## - INTERNATIONAL STANDARD BOOK NUMBER
International Standard Book Number 1857094255 (pbk.)
035 ## - SYSTEM CONTROL NUMBER
System control number (OCoLC)ocn223872605
035 ## - SYSTEM CONTROL NUMBER
System control number (OCoLC)223872605
035 ## - SYSTEM CONTROL NUMBER
System control number (NNC)7083225
040 ## - CATALOGING SOURCE
Original cataloging agency UKM
Transcribing agency UKM
Modifying agency BTCTA
-- BAKER
-- YDXCP
-- BWKUK
-- BWK
-- CDX
-- NNC
050 #4 - LIBRARY OF CONGRESS CALL NUMBER
Classification number N1070
Item number .W48 2008
100 1# - MAIN ENTRY--PERSONAL NAME
Personal name Wilson, Michael,
Dates associated with a name 1951-
245 10 - TITLE STATEMENT
Title If the paintings could talk /
Statement of responsibility, etc. Michael Wilson ; with a foreword by Andrew Marr.
260 ## - PUBLICATION, DISTRIBUTION, ETC. (IMPRINT)
Place of publication, distribution, etc. London :
Name of publisher, distributor, etc. National Gallery ;
Place of publication, distribution, etc. [New Haven, Conn.] :
Name of publisher, distributor, etc. Distributed by Yale University Press,
Date of publication, distribution, etc. 2008.
300 ## - PHYSICAL DESCRIPTION
Extent 176 p. :
Other physical details col. ill. ;
Dimensions 21 cm.
500 ## - GENERAL NOTE
General note Includes indexes.
610 20 - SUBJECT ADDED ENTRY--CORPORATE NAME
Corporate name or jurisdiction name as entry element National Gallery (Great Britain)
650 #0 - SUBJECT ADDED ENTRY--TOPICAL TERM
Topical term or geographic name as entry element Painting
General subdivision History.
942 ## - ADDED ENTRY ELEMENTS (KOHA)
Source of classification or shelving scheme
Koha item type Hard Covered Materials
Classification part N1070 .W48 2008
Holdings
Withdrawn status Lost status Source of classification or shelving scheme Damaged status Not for loan Home library Current library Shelving location Date acquired Source of acquisition Total Checkouts Full call number Barcode Date last seen Price effective from Koha item type
          MACHAKOS UNIVERSITY LIBRARY MACHAKOS UNIVERSITY LIBRARY Open shelf 05/12/2016 Donation(B.F.A)   N1070 .W48 2008 28782 05/12/2016 05/12/2016 Hard Covered Materials
© Machakos University Library, Along The Highway, Machakos Wote Rd, Machakos, Kenya P.O. Box 136 - 90100 Machakos - Kenya

Tel: ( +254 ) 723 805829 OR Fax : 044-20353 OR Email: library@mksu.ac.ke